000 00286nam a22001217a 4500
008 171019b xxu||||| |||| 00| 0 eng d
041 _aeng
080 _a338
100 _a53
101 _aMEN
245 _aA TOTAL SYSTEMS APPROACH TO MANAGEMENT CONTROL
_cSTOKES,P,M
942 _2udc
_cBK
999 _c34920
_d34920